Football clubs with invincible season - Statistics

General Stats
  • This quiz has been taken 43 times
  • The average score is 2 of 15
Answers on the Grid
Answers color-coded by a green-red scale on the quiz's grid according to % correct below.
Celtic
Arsenal
Manchester United
AS Saint-Étienne
Real Madrid
AS Monaco
Rangers
Al Ahly
AS Roma
Hamburger SV
Manchester City
Flamengo
FC Porto
Santos
Aston Villa
Red Star Belgrade
Olympique de Marseille
Sporting CP
Preston North End
São Paulo FC
Nottingham Forest
Liverpool
Boca Juniors
Atletico Madrid
Reading
Bayer Leverkusen
River Plate
AC Milan
Feyenoord
Bayern Munich
PSV Eindhoven
Perugia
Borussia Dortmund
Dynamo Moscow
Napoli
Inter Milan
Union Saint-Gilloise
Chelsea
Barcelona
Juventus
 
Answer Stats
Answer % Correct
Arsenal
93%
Celtic
48%
Real Madrid
24%
AC Milan
17%
Rangers
17%
Juventus
14%
Al Ahly
7%
FC Porto
7%
Liverpool
7%
Preston North End
7%
Dynamo Moscow
0%
Perugia
0%
Reading
0%
Red Star Belgrade
0%
Union Saint-Gilloise
0%
No matching quizzes found
Score Distribution
Percent of People with Each Score
Percentile by Number Answered
Your Score History
You have not taken this quiz